| 000 | 00877cam a22002535a 4500 | ||
|---|---|---|---|
| 001 | 16173250 | ||
| 005 | 20160121143547.0 | ||
| 008 | 100406s2011 enka frb 001 0 eng d | ||
| 020 | _a9780415498340 | ||
| 040 |
_aDLC _beng _cDLC _dDLC _dEG-ScBUE |
||
| 082 | 0 | 4 |
_a306.483 _222 _bSPO |
| 245 | 0 | 0 |
_aSport and migration : _bborders, boundaries and crossings / _cedited by Joseph Maguire, Mark Falcous. |
| 260 |
_aOxon ; _aNew York : _bRoutledge / Taylor &Francis Group, _c2011. |
||
| 300 |
_axvi, 315 p. : _bill. ; _c24 cm. |
||
| 500 | _aIndex : p. 312-315. | ||
| 504 | _aBibliography : p. 278-311. | ||
| 650 | 7 |
_aSports _xSociological aspects. _2BUEsh _939120 |
|
| 650 | 7 |
_aEmigration and immigration. _2BUEsh _934031 |
|
| 651 | _2BUEsh | ||
| 653 |
_bBUSBOL _cJuly2015 _cJanuary2016 |
||
| 700 | 1 |
_aMaguire, Joseph, _eeditor. |
|
| 700 | 1 |
_aFalcous, Mark, _eeditor. |
|
| 942 | _2ddc | ||
| 999 |
_c20299 _d20271 |
||